| 000 | 00802nam a22002057a 4500 | ||
|---|---|---|---|
| 999 |
_c2243 _d2243 |
||
| 003 | AR-CdUCM | ||
| 008 | 190304b ||||| |||| 00| 0 spa d | ||
| 040 |
_aMUNICIPALIDAD PROVINCIAL DEL CUSCO _cBIBLIOTECA MUNICIPAL DEL CUSCO |
||
| 082 |
_a329.1 / _bV39 |
||
| 100 |
_aVega Centeno, Imelda _93249 |
||
| 245 |
_aAprismo popular : _bmito, cultura e historia / |
||
| 260 |
_aLima : _bTarea, _c1985. |
||
| 300 |
_a143 páginas ; _c21 cm. |
||
| 505 | _aContenido: La historia del Perú según Don Julio Rocha Rumicondor -- Cultura y política: la simbólica popular aprista -- Verosimil popular y verdad historica -- Tradición oral y discurso popular andino. | ||
| 650 |
_aAPRA _92108 |
||
| 650 |
_aPartidos políticos _91565 |
||
| 650 |
_aHistoria del Perú _9259 |
||
| 942 |
_2ddc _cLIBROS |
||
| 945 | _azta | ||